[Event "Landesliga U20 Sued 1112"]
[Site "Bayern"]
[Date "2011.12.03"]
[Round "3.3"]
[White "Hauch, Konrad"]
[Black "Berger, Florian"]
[Result "0-1"]
[WhiteElo "1508"]
[BlackElo "1588"]
[PlyCount "70"]
[EventDate "2011.11.12"]
[EventType "team-tourn"]
[EventRounds "7"]
[EventCountry "GER"]
[SourceTitle "EXT 2022"]
[Source "ChessBase"]
[SourceDate "2021.10.06"]
[SourceVersion "1"]
[SourceVersionDate "2021.10.06"]
[SourceQuality "1"]
[WhiteTeam "Ebersberg Grafing U20"]
[BlackTeam "Ortenburg U20"]
[WhiteTeamCountry "GER"]
[BlackTeamCountry "GER"]

1. d4 d5 2. c4 e6 3. Nc3 Nf6 4. Nf3 c5 5. e3 Nc6 6. Bd3 b6 7. 0-0 Ba6 8. cxd5 Bxd3 9. Qxd3 Nxd5 10. Nxd5 Qxd5 11. e4 Qd7 12. Rd1 Rd8 13. Be3 cxd4 14. Qc4 d3 15. a3 Be7 16. b4 Bf6 17. Bg5 Bxg5 18. Nxg5 Ne5 19. Qc3 Qd4 20. Qxd4 Rxd4 21. Rac1 0-0 22. f3 d2 23. Rc2 Rfd8 24. Kf2 Nc4 25. a4 a6 26. Ke2 Na3 27. Ra2 Nb1 28. Rxb1 d1Q+ 29. Rxd1 Rxd1 30. Nh3 R1d4 31. b5 axb5 32. axb5 Rb4 33. Nf2 Rxb5 34. Nd3 Kf8 35. Kd2 Rb3 0-1

[Event "Landesliga U20 Sued 1112"]
[Site "Bayern"]
[Date "2011.12.03"]
[Round "2.3"]
[White "Kaiser, Dominik"]
[Black "Hauch, Konrad"]
[Result "1-0"]
[WhiteElo "1827"]
[BlackElo "1508"]
[PlyCount "145"]
[EventDate "2011.11.12"]
[EventType "team-tourn"]
[EventRounds "7"]
[EventCountry "GER"]
[SourceTitle "EXT 2022"]
[Source "ChessBase"]
[SourceDate "2021.10.06"]
[SourceVersion "1"]
[SourceVersionDate "2021.10.06"]
[SourceQuality "1"]
[WhiteTeam "Kareth Lappersdorf U20"]
[BlackTeam "Ebersberg Grafing U20"]
[WhiteTeamCountry "GER"]
[BlackTeamCountry "GER"]

1. e4 e6 2. d4 d5 3. exd5 exd5 4. Bd3 Nf6 5. Nf3 Bd6 6. 0-0 0-0 7. Re1 c6 8. Bg5 h6 9. Bh4 Bg4 10. Nbd2 Nbd7 11. c3 Qc7 12. Qc2 Rae8 13. b3 b6 14. c4 g5 15. Bg3 Bxg3 16. hxg3 dxc4 17. bxc4 c5 18. Bf5 Bxf5 19. Qxf5 cxd4 20. Nxd4 Qc5 21. N2f3 Qxc4 22. Qh3 g4 23. Qxh6 gxf3 24. Nf5 Qg4 25. Ne7+ Rxe7 26. Rxe7 fxg2 27. Kxg2 Qg7 28. Qd2 Nc5 29. Rae1 Nfe4 30. R1xe4 Nxe4 31. Rxe4 Qg6 32. Qd4 Qc6 33. f3 f5 34. Re7 Qf6 35. Qc4+ Kh8 36. Rxa7 Rd8 37. Qh4+ Qxh4 38. gxh4 Kg8 39. Ra6 Rd7 40. a3 b5 41. Kg3 Rb7 42. Ra5 f4+ 43. Kg4 b4 44. axb4 Rxb4 45. Rf5 Kg7 46. Rxf4 Rb1 47. Kg5 Rb5+ 48. Rf5 Rb1 49. h5 Rg1+ 50. Kf4 Kh6 51. Ke5 Re1+ 52. Kf6 Re2 53. f4 Re4 54. Kf7 Rd4 55. Ke6 Re4+ 56. Kd5 Rb4 57. Ke5 Rb5+ 58. Ke4 Rb4+ 59. Kf3 Rb3+ 60. Kg4 Rb6 61. Rf8 Kg7 62. Rd8 Rb4 63. Kg5 Rb2 64. Rd7+ Kg8 65. f5 Rg2+ 66. Kf6 Kh8 67. Rd6 Rh2 68. Kg6 Rg2+ 69. Kf7 Rg7+ 70. Kf6 Rg2 71. h6 Rh2 72. Kf7 Rh5 73. Kg6 1-0

[Event "Landesliga U20 Sued 1112"]
[Site "Bayern"]
[Date "2011.11.12"]
[Round "1.3"]
[White "Hauch, Konrad"]
[Black "Bosse, Lea"]
[Result "0-1"]
[WhiteElo "1508"]
[BlackElo "1601"]
[PlyCount "100"]
[EventDate "2011.11.12"]
[EventType "team-tourn"]
[EventRounds "7"]
[EventCountry "GER"]
[SourceTitle "EXT 2022"]
[Source "ChessBase"]
[SourceDate "2021.10.06"]
[SourceVersion "1"]
[SourceVersionDate "2021.10.06"]
[SourceQuality "1"]
[WhiteTeam "Ebersberg Grafing U20"]
[BlackTeam "Freising SK U20"]
[WhiteTeamCountry "GER"]
[BlackTeamCountry "GER"]

1. d4 Nf6 2. c4 e6 3. Nc3 Bb4 4. Bg5 h6 5. Bh4 c5 6. a3 Bxc3+ 7. bxc3 Qa5 8. Qb3 cxd4 9. Bxf6 gxf6 10. Qb4 Nc6 11. Qxa5 Nxa5 12. cxd4 Nxc4 13. e3 Nd6 14. Bd3 b6 15. Ne2 Bb7 16. 0-0 Rg8 17. g3 Ne4 18. Bxe4 Bxe4 19. Nc3 Bf3 20. Rfc1 Ke7 21. Rab1 Rgc8 22. Nb5 a6 23. Nc3 b5 24. a4 Rab8 25. axb5 axb5 26. Na2 Rxc1+ 27. Rxc1 b4 28. Rb1 b3 29. Nc1 Bd1 30. Kf1 b2 31. Kg2 bxc1Q 32. Rxc1 Ba4 33. Kh3 Rb2 34. f4 Rb3 35. Re1 Kd6 36. Kh4 Kd5 37. Kh5 Ke4 38. Kxh6 Rxe3 39. Rxe3+ Kxe3 40. h4 Kxd4 41. Kg7 Bd1 42. Kxf7 e5 43. f5 e4 44. Kxf6 e3 45. Kg7 e2 46. g4 e1Q 47. f6 Bb3 48. h5 Qh4 49. h6 Qxg4+ 50. Kh8 Qg8# 0-1